| 000 | 00402nam a22001457a 4500 | ||
|---|---|---|---|
| 005 | 20200612132222.0 | ||
| 008 | 200612b xxu||||| |||| 00| 0 eng d | ||
| 082 | _a345.4 AIR | ||
| 110 |
_aALL INDIA REPORTER, _96028 |
||
| 245 | _aALL INDIA REPORTER, [2001] [VOL-88] SUPREME COURT SECTION | ||
| 260 |
_aMUMBAI _bALL INDIA REPORTER,PVT. LTD. |
||
| 300 | _a2160;p | ||
| 650 |
_aLAW _95701 |
||
| 942 | _cJRL | ||
| 999 |
_c7087 _d7085 |
||